[Event "9th EUROPEAN  INDIVIDUAL  WOME"]
[Site "Plovdiv, Bulgaria"]
[Date "2008.04.23"]
[Round "3"]
[Board "1"]
[White "Papadopoulou, Vera"]
[Black "Cosma, Elena Luminita"]
[Result "1/2-1/2"]
[WhiteElo "2199"]
[BlackElo "2374"]
[PlyCount "82"]
[EventDate "2008.04.21"]
[EventRounds "11"]
[EventCountry "BUL"]

1.d4 d5 2.Nf3 e6 3.c4 c6 4.e3 Nf6 5.Bd3 dxc4 6.Bxc4 b5 7.Bd3 a6 8.a4 Bb7 9.O-O
Nbd7 10.e4 Be7 11.Nbd2 h6 12.Qe2 Qb6 13.Rd1 Kf8 14.axb5 axb5 15.Rxa8+ Bxa8
16.Nb3 g6 17.h3 Kg7 18.Be3 Qb8 19.Nc5 Nxc5 20.dxc5 e5 21.b4 Bd8 22.Bd2 Bc7
23.Bc3 Re8 24.Nh4 Bb7 25.Qb2 Nh5 26.Qc1 Kh7 27.Qe3 Qd8 28.Nf3 Qe7 29.Bc2 Nf4
30.Ne1 Bc8 31.Nd3 Rd8 32.Nxf4 exf4 33.Rxd8 Qxd8 34.Qd4 Qxd4 35.Bxd4 f3 36.Bd1
fxg2 37.Kxg2 Bf4 38.Bc3 g5 39.Bh5 Be6 40.Bf3 Kg6 41.Bd1 h5

[Event "9th EUROPEAN  INDIVIDUAL  WOME"]
[Site "Plovdiv, Bulgaria"]
[Date "2008.04.23"]
[Round "3"]
[Board "1"]
[White "Mammadova, Gulnar"]
[Black "Galojan, Lilit"]
[Result "0-1"]
[WhiteElo "2188"]
[BlackElo "2324"]
[PlyCount "110"]
[EventDate "2008.04.21"]
[EventRounds "11"]
[EventCountry "BUL"]

1.e4 e5 2.Nf3 Nf6 3.d4 Nxe4 4.Bd3 d5 5.Nxe5 Nd7 6.Nxd7 Bxd7 7.O-O Bd6 8.c4 c6
9.Nc3 Nxc3 10.bxc3 O-O 11.cxd5 cxd5 12.Qh5 f5 13.Qf3 Qa5 14.c4 Bb4 15.Bb2 Be6
16.a3 Bd2 17.c5 Rf6 18.Rad1 Re8 19.Qe2 Bf4 20.g3 Bb8 21.f4 Bf7 22.Qc2 g6 23.Bc3
Qc7 24.Qd2 Rfe6 25.Bb5 R8e7 26.Ba5 Qc8 27.Rf2 Be8 28.Bf1 Bc6 29.Qa2 Bc7 30.Bc3
Qd7 31.Rdd2 Re3 32.Qb2 Bd8 33.Rde2 Qe6 34.Rxe3 Qxe3 35.Bd2 Qe4 36.Re2 Qf3
37.Rxe7 Bxe7 38.Qc3 Qd1 39.Qc1 Qa4 40.Bb4 Bf6 41.Qd2 a5 42.Bc3 Qxa3 43.Bxa5
Bxd4+ 44.Qxd4 Qxa5 45.h4 Qe1 46.Qf2 Qc3 47.Bg2 d4 48.Bxc6 bxc6 49.Qa2+ Kg7
50.Qa7+ Kh6 51.Kg2 Qd2+ 52.Kh3 Qe2 53.Qd7 d3 54.h5 Qxh5+ 55.Kg2 Qe2+

[Event "9th EUROPEAN  INDIVIDUAL  WOME"]
[Site "Plovdiv, Bulgaria"]
[Date "2008.04.23"]
[Round "3"]
[Board "1"]
[White "Akatova, Ekaterina"]
[Black "Skinke, Katrina"]
[Result "1-0"]
[WhiteElo "2320"]
[BlackElo "2204"]
[PlyCount "75"]
[EventDate "2008.04.21"]
[EventRounds "11"]
[EventCountry "BUL"]

1.e4 d6 2.d4 Nf6 3.Nc3 g6 4.Be3 c6 5.f3 Nbd7 6.Qd2 b5 7.g4 Nb6 8.b3 Qc7 9.Nh3
Bb7 10.Nf2 a6 11.Bg2 h5 12.g5 Nfd7 13.a4 b4 14.Ne2 a5 15.O-O e5 16.f4 exf4
17.Bxf4 Bg7 18.Rad1 O-O 19.Qe3 Rfd8 20.Nd3 Nc8 21.Rf2 Qb6 22.Bh3 Ba6 23.Rdf1 Ra7
24.Qg3 Bxd3 25.cxd3 c5 26.Bd2 Rf8 {Diagram #} 27.Nf4 Bxd4 28.Nd5 Qd8 29.Be3 Be5
30.Qh4 Ncb6 31.Nf6+ Nxf6 32.gxf6 Nd7 33.Bxd7 Qxd7 {Diagram #} 34.Rf5 Qe6 35.Rxh5
Bxf6 36.Rxf6 Qxf6 37.Qxf6 gxh5 38.Bh6

[Event "9th EUROPEAN  INDIVIDUAL  WOME"]
[Site "Plovdiv, Bulgaria"]
[Date "2008.04.23"]
[Round "3"]
[Board "1"]
[White "Danelia, Mariam"]
[Black "Klinova, Masha"]
[Result "1/2-1/2"]
[WhiteElo "2129"]
[BlackElo "2318"]
[PlyCount "82"]
[EventDate "2008.04.21"]
[EventRounds "11"]
[EventCountry "BUL"]

1.d4 d6 2.e4 Nf6 3.f3 e5 4.d5 Be7 5.Be3 O-O 6.c4 c6 7.Nc3 a6 8.Qd2 cxd5 9.cxd5
b5 10.b4 Nbd7 11.a4 bxa4 12.Nxa4 Ne8 13.Bd3 h6 14.Nh3 Nc7 15.O-O Nb5 16.Bxb5
axb5 17.Nc3 Rxa1 18.Rxa1 Nb6 19.Nf2 Nc4 20.Qe2 Bd7 21.Nfd1 Bg5 22.Bf2 Qc8 23.h4
Bd2 24.Ra2 Bxc3 25.Nxc3 f5 26.exf5 Rxf5 27.Ne4 Rf8 28.Ra7 Bf5 29.Nc3 Qe8 30.Kh1
Rf7 31.Qa2 Rxa7 32.Qxa7 Nb2 33.Qb6 Nd3 34.Bg3 Nxb4 35.Qxb5 Qxb5 36.Nxb5 Nxd5
37.Nxd6 Be6 38.Bxe5 h5 39.Kg1 Ne3 40.Bf4 Nf5 41.Nxf5 Bxf5

[Event "9th EUROPEAN  INDIVIDUAL  WOME"]
[Site "Plovdiv, Bulgaria"]
[Date "2008.04.23"]
[Round "3"]
[Board "1"]
[White "Srebrnic, Ana"]
[Black "Sarakauskiene, Zivile"]
[Result "1/2-1/2"]
[WhiteElo "2283"]
[BlackElo "2198"]
[PlyCount "81"]
[EventDate "2008.04.21"]
[EventRounds "11"]
[EventCountry "BUL"]

1.Nf3 Nf6 2.c4 e6 3.Nc3 d5 4.cxd5 exd5 5.d4 c6 6.Bg5 Be7 7.Qc2 O-O 8.e3 Re8
9.Bd3 Nbd7 10.O-O Nf8 11.h3 Ne4 12.Bf4 Nxc3 13.bxc3 Ng6 14.Bh2 Bd6 15.c4 dxc4
16.Bxc4 Bxh2+ 17.Kxh2 Qd6+ 18.Kh1 Qf6 19.Be2 Bf5 20.Qb3 Re7 21.Qa3 h6 22.Rac1
Nf4 23.Bd1 Ne6 24.Qd6 Rd8 25.Qe5 Qxe5 26.Nxe5 f6 27.Nf3 Be4 28.Nd2 Bd3 29.Rg1
Kf8 30.Nb3 Ng5 31.Nc5 Bf5 32.Be2 Ne6 33.Bf3 Ng5 34.Be2 Ne6 35.Nxe6+ Bxe6 36.Bc4
Ke8 37.Bxe6 Rxe6 38.Rc5 b6 39.Rc3 Rd5 40.Rgc1 Kd7 41.Rb1

[Event "9th EUROPEAN  INDIVIDUAL  WOME"]
[Site "Plovdiv, Bulgaria"]
[Date "2008.04.23"]
[Round "3"]
[Board "1"]
[White "Cherednichenko, Svetlana"]
[Black "Bogumil, Tatiana"]
[Result "0-1"]
[WhiteElo "2270"]
[BlackElo "2194"]
[PlyCount "82"]
[EventDate "2008.04.21"]
[EventRounds "11"]
[EventCountry "BUL"]

1.d4 Nf6 2.Nf3 c5 3.e3 b6 4.Be2 Bb7 5.O-O g6 6.c4 Bg7 7.Nc3 O-O 8.b3 cxd4 9.exd4
d5 10.Qc2 Nc6 11.Rd1 Rc8 12.Be3 h6 13.Rac1 e6 14.Ne5 Ne7 15.Bf3 Nf5 16.Qd2 Kh7
17.Be2 Qe7 18.Bd3 Ne4 19.Nxe4 dxe4 20.Bb1 f6 {Diagram #} 21.Nxg6 Kxg6 22.f3 Nxe3
23.Qxe3 f5 24.fxe4 Qg5 25.exf5+ exf5 26.Qxg5+ Kxg5 27.d5 Bb2 28.Rc2 Ba3 29.Re2
Bc5+ 30.Kf1 Rce8 31.Red2 Bd6 32.h3 Re3 33.Re2 Rxe2 34.Kxe2 Re8+ 35.Kf1 f4 36.Bc2
Bc8 37.a3 Bf5 38.Bxf5 Kxf5 39.b4 Rc8 40.Rc1 h5 41.Ke2 Ke4

[Event "9th EUROPEAN  INDIVIDUAL  WOME"]
[Site "Plovdiv, Bulgaria"]
[Date "2008.04.23"]
[Round "3"]
[Board "1"]
[White "Calzetta, Monica"]
[Black "Lematschko, Tatjana"]
[Result "1-0"]
[WhiteElo "2264"]
[BlackElo "2189"]
[PlyCount "84"]
[EventDate "2008.04.21"]
[EventRounds "11"]
[EventCountry "BUL"]

1.e4 e5 2.Nf3 Nc6 3.Bb5 a6 4.Ba4 Nf6 5.Qe2 d6 6.c3 b5 7.Bb3 Na5 8.Bc2 c5 9.O-O
Be7 10.d4 Nc6 11.d5 Na5 12.b3 O-O 13.h3 Nd7 14.Bd2 Rb8 15.Rc1 Nf6 16.Be3 Bd7
17.Nbd2 Nb7 18.b4 c4 19.a4 Qc8 20.axb5 axb5 21.Nf1 Ra8 22.Ba7 Ne8 23.Ng3 g6
24.Ra2 Ng7 25.Rca1 Nd8 26.Be3 Rxa2 27.Rxa2 f6 28.Ra7 Nf7 29.Qd1 f5 30.exf5 gxf5
31.Nxf5 Nxf5 32.Bxf5 Bxf5 33.Rxe7 Bd7 34.Ng5 Qd8 35.Qh5 Bf5 36.Rxf7 Bg6 37.Rxf8+
Qxf8 38.Qg4 Qf5 39.Qxf5 Bxf5 40.f3 Kf8 41.g4 Bc8 42.Ba7 Ke7 {....}

[Event "9th EUROPEAN  INDIVIDUAL  WOME"]
[Site "Plovdiv, Bulgaria"]
[Date "2008.04.23"]
[Round "3"]
[Board "1"]
[White "Franciskovic, Borka"]
[Black "Zhorzholiani, Meri"]
[Result "1-0"]
[WhiteElo "2240"]
[BlackElo "2133"]
[PlyCount "69"]
[EventDate "2008.04.21"]
[EventRounds "11"]
[EventCountry "BUL"]

1.c4 Nf6 2.Nc3 e6 3.e4 d6 4.d4 Nbd7 5.Nf3 c5 6.d5 e5 7.Be2 Be7 8.O-O O-O 9.Ne1
Ne8 10.Nd3 Bg5 11.Bg4 Bxc1 12.Rxc1 g6 13.f4 f5 14.Bh3 Ng7 15.Qe2 exf4 16.Nxf4
Ne5 17.exf5 Bxf5 18.Bxf5 Rxf5 19.Ne6 Qh4 20.Ne4 Nxe6 21.dxe6 Raf8 22.Rfd1 Rf4
23.Nxd6 Rg4 24.Rf1 Qg5 25.Ne4 Qe7 26.Rxf8+ Kxf8 27.Rf1+ Kg7 28.Nf6 Rg5 29.h4 Rf5
30.Rxf5 gxf5 31.Nh5+ Kh6 32.Qxe5 Kxh5 33.Qxf5+ Kxh4 34.Qf4+ Kh5 35.Qf7+

[Event "9th EUROPEAN  INDIVIDUAL  WOME"]
[Site "Plovdiv, Bulgaria"]
[Date "2008.04.23"]
[Round "3"]
[Board "1"]
[White "Umudova, Nargiz"]
[Black "Hairapetian, Anna"]
[Result "1-0"]
[WhiteElo "2222"]
[BlackElo "2115"]
[PlyCount "41"]
[EventDate "2008.04.21"]
[EventRounds "11"]
[EventCountry "BUL"]

1.Nf3 Nf6 2.g3 b6 3.Bg2 Bb7 4.O-O e6 5.d3 d5 6.Nbd2 Be7 7.e4 O-O 8.e5 Nfd7 9.Re1
c5 10.Nf1 Nc6 11.h4 Qc7 12.Bf4 Rac8 13.N1h2 d4 14.a3 Na5 15.Ng4 h5 16.Nf6+ gxf6
17.exf6 Bd6 18.Bxd6 Qxd6 19.Qd2 Qd5 20.Re5 Nxe5 21.Qg5+

[Event "9th EUROPEAN  INDIVIDUAL  WOME"]
[Site "Plovdiv, Bulgaria"]
[Date "2008.04.23"]
[Round "3"]
[Board "1"]
[White "Mijovic, Aleksandra"]
[Black "Foisor, Mihaela Veronica"]
[Result "1/2-1/2"]
[WhiteElo "2222"]
[BlackElo "2088"]
[PlyCount "149"]
[EventDate "2008.04.21"]
[EventRounds "11"]
[EventCountry "BUL"]

1.e4 e6 2.d4 d5 3.Nd2 Nf6 4.e5 Nfd7 5.Bd3 c5 6.c3 Nc6 7.Ne2 cxd4 8.cxd4 f6
9.exf6 Qxf6 10.Nf3 h6 11.O-O Bd6 12.Bb1 O-O 13.Qd3 Rd8 14.Qh7+ Kf7 15.Ng3 Nf8
16.Qd3 Kg8 17.a3 Bd7 18.Bd2 Be8 19.Bc3 Rac8 20.Re1 Bg6 21.Qe2 Re8 22.Ba2 Rc7
23.Bb3 a6 24.Nf1 Bh5 25.N1d2 Bf4 26.Nf1 Bd6 27.Ng3 Bxf3 28.Qxf3 Qxf3 29.gxf3
Rce7 30.Rad1 Ng6 31.Nh5 Nh4 32.Rd3 Rf8 33.Bd1 g6 34.Ng3 Rg7 35.Kh1 Rf6 36.Rg1
Rh7 37.Re3 Rf4 38.Ne2 Rxf3 39.Bc2 Rxe3 40.fxe3 Nf5 41.e4 dxe4 42.Bxe4 e5 43.d5
Nb8 44.Ng3 Rf7 45.Bb1 Nxg3+ 46.hxg3 Nd7 47.Kg2 Nf6 48.Rf1 Kg7 49.Bd2 Ng4 50.Be4
Rxf1 51.Kxf1 Nf6 52.Bg2 g5 53.Ke2 Kg6 54.Be1 Kf5 55.Kd3 e4+ 56.Kc4 Nh5 57.g4+
Kxg4 58.Bxe4 Nf6 59.Bc2 h5 60.Bc3 Nd7 61.Bd1+ Kf5 62.Bxh5 Nb6+ 63.Kd4 Be5+
64.Kc5 Na4+ 65.Kc4 Nxc3 66.bxc3 g4 67.Kd3 Kf4 68.c4 Bd6 69.a4 Bc5 70.Ke2 b6
71.Kf1 Kf3 72.d6 Bxd6 73.Bf7 a5 74.Bd5+ Ke3 75.Bc6

[Event "9th EUROPEAN  INDIVIDUAL  WOME"]
[Site "Plovdiv, Bulgaria"]
[Date "2008.04.23"]
[Round "3"]
[Board "1"]
[White "Jelica, Mara"]
[Black "Galunova, Tsveta"]
[Result "1-0"]
[WhiteElo "2206"]
[BlackElo "1816"]
[PlyCount "49"]
[EventDate "2008.04.21"]
[EventRounds "11"]
[EventCountry "BUL"]

1.e4 e5 2.d4 exd4 3.Qxd4 Nc6 4.Qe3 Nf6 5.Bd2 b6 6.Nc3 Bc5 7.Qg3 O-O 8.O-O-O d6
9.f3 Ne5 10.h4 Kh8 11.Nh3 Nh5 12.Qe1 c6 13.Be2 b5 14.g4 Nf6 15.h5 a5 16.h6 g6
17.Bg5 Ned7 18.Qh4 a4 {Diagram #} 19.e5 dxe5 20.Ne4 Be7 21.Rxd7 Qxd7 22.Bxf6+
Kg8 23.Bxe7 Qe6 24.Nf6+ Kh8 25.Bxf8

[Event "9th EUROPEAN  INDIVIDUAL  WOME"]
[Site "Plovdiv, Bulgaria"]
[Date "2008.04.23"]
[Round "3"]
[Board "1"]
[White "Khropova, Larisa"]
[Black "Paikidze, Nazi"]
[Result "0-1"]
[WhiteElo "2069"]
[BlackElo "2347"]
[PlyCount "122"]
[EventDate "2008.04.21"]
[EventRounds "11"]
[EventCountry "BUL"]

1.Nf3 Nf6 2.d4 e6 3.c4 b6 4.g3 Bb7 5.Bg2 Be7 6.O-O c5 7.d5 exd5 8.Nh4 d6 9.Nc3
O-O 10.Nf5 Re8 11.Nxe7+ Qxe7 12.Nxd5 Nxd5 13.Bxd5 Bxd5 14.Qxd5 Na6 15.Be3 Nb4
16.Qd2 Qe4 17.a3 Nc2 18.Rad1 Nxe3 19.fxe3 Rad8 20.Rf4 Qxe3+ 21.Qxe3 Rxe3 22.Rf2
Rde8 23.Rd2 Kf8 24.Rf5 R3e6 25.Rfd5 Rf6 26.Kg2 Re4 27.b3 Ke7 28.R5d3 Rfe6 29.Kf2
h5 30.Rd5 g6 31.R5d3 h4 32.Rd5 hxg3+ 33.hxg3 R4e5 34.R5d3 Rf6+ 35.Kg2 Kd7 36.Kg1
Kc6 37.Kg2 a6 38.a4 Re8 39.Kg1 Rb8 40.Kg2 b5 41.axb5+ axb5 42.Re3 bxc4 43.bxc4
Rb4 44.Re4 Re6 45.Rf4 g5 46.Rxf7 Rxc4 47.Rf5 Rce4 48.Rxg5 Rxe2+ 49.Rxe2 Rxe2+
50.Kf3 Re8 51.Rh5 c4 52.g4 d5 53.g5 Kc5 54.Kf4 c3 55.g6 c2 56.Rh1 Kc4 57.Kf5 d4
58.g7 Rg8 59.Kf6 d3 60.Rh8 Rxg7 61.Kxg7 d2

[Event "9th EUROPEAN  INDIVIDUAL  WOME"]
[Site "Plovdiv, Bulgaria"]
[Date "2008.04.23"]
[Round "3"]
[Board "1"]
[White "Stiri, Alexandra"]
[Black "Jackova, Jana"]
[Result "0-1"]
[WhiteElo "2193"]
[BlackElo "2345"]
[PlyCount "60"]
[EventDate "2008.04.21"]
[EventRounds "11"]
[EventCountry "BUL"]

1.e4 e5 2.Nf3 Nc6 3.d4 exd4 4.Nxd4 Bc5 5.Be3 Qf6 6.c3 Nge7 7.Qd2 O-O 8.Nb5 Bxe3
9.Qxe3 d5 10.Nd2 dxe4 11.Nxe4 Qe5 12.Nc5 Qf6 13.O-O-O Ne5 14.Nxc7 Ng4 15.Qd4
Qh6+ 16.Rd2 Rb8 17.f3 Ne3 18.Qd6 Ng6 19.Nd5 Bf5 20.Nxe3 Qxe3 21.Qd4 Qe1+ 22.Rd1
Qe7 23.Bd3 Qg5+ 24.Rd2 Rfd8 25.f4 Nxf4 26.Qe3 Bxd3 27.g3 Qd5 28.Rhd1 Qxa2
29.Nxd3 Nd5 30.Qe5 Re8

[Event "9th EUROPEAN  INDIVIDUAL  WOME"]
[Site "Plovdiv, Bulgaria"]
[Date "2008.04.23"]
[Round "3"]
[Board "1"]
[White "Levushkina, Elena"]
[Black "Marin, Irina Luiza"]
[Result "1-0"]
[WhiteElo "2291"]
[BlackElo "2182"]
[PlyCount "83"]
[EventDate "2008.04.21"]
[EventRounds "11"]
[EventCountry "BUL"]

1.e4 d6 2.d4 Nf6 3.Nc3 g6 4.f4 Bg7 5.Nf3 O-O 6.Bd3 Na6 7.O-O c5 8.d5 Bg4 9.Bc4
Nc7 10.h3 Bxf3 11.Qxf3 e6 12.dxe6 fxe6 13.Be3 b6 14.Rad1 Qe7 15.Rfe1 Kh8 16.Bc1
Rad8 17.a4 Nd7 18.Qg4 Bd4+ 19.Kh1 Nf6 20.Qf3 Nh5 21.Ne2 Qh4 22.Nxd4 cxd4 23.Qg4
Qf2 24.Be2 Nxf4 25.Bxf4 Rxf4 26.Qg5 Rdf8 27.Qe7 Ne8 28.Qxe6 Qg3 29.Rf1 Ng7
30.Qe7 Nh5 31.Rxf4 Qxf4 32.Bxh5 gxh5 33.Qxa7 Qxe4 34.Qxb6 Rf4 35.Qxd6 h4 36.a5
Kg8 37.a6 Rf2 38.Qd8+ Kf7 39.Qg5 Qxc2 40.Re1 Qc7 41.Qxh4 Qc2 42.a7

[Event "9th EUROPEAN  INDIVIDUAL  WOME"]
[Site "Plovdiv, Bulgaria"]
[Date "2008.04.23"]
[Round "3"]
[Board "1"]
[White "Videnova, Iva"]
[Black "Voicu, Carmen"]
[Result "0-1"]
[WhiteElo "2178"]
[BlackElo "2290"]
[PlyCount "122"]
[EventDate "2008.04.21"]
[EventRounds "11"]
[EventCountry "BUL"]

1.e4 c5 2.Nf3 Nc6 3.d4 cxd4 4.Nxd4 Qb6 5.Nb3 Nf6 6.Nc3 e6 7.Be3 Qc7 8.a3 a6 9.f4
d6 10.Bd3 b5 11.a4 b4 12.Nb1 Be7 13.O-O O-O 14.N1d2 e5 15.f5 d5 16.Qf3 d4 17.Bf2
Ne8 18.h4 Qd8 19.Qh3 Nd6 20.g4 Nb8 21.Nf3 Nd7 22.Bg3 f6 23.Qh2 Nb6 24.Qe2 Qc7
25.a5 Nbc4 26.Rfb1 Bd7 27.Nfd2 Bb5 28.Nxc4 Nxc4 29.Nd2 Rfc8 30.Nxc4 Bxc4 31.Be1
Rab8 32.Rc1 Rb5 33.Bd2 Rbb8 34.b3 Bb5 35.g5 fxg5 36.hxg5 Qd6 37.Qh5 Be8 38.Qh3
Qd8 39.Bxa6 Bxg5 40.Bxc8 Bxd2 41.Be6+ Kh8 42.Rd1 Qg5+ 43.Kh1 Be3 44.Bd5 Bh5
45.a6 Bxd1 46.Rxd1 d3 47.cxd3 Bd4 48.Rf1 Qf6 49.Qh5 Rf8 50.Bb7 Qd8 51.Kg2 Qc7
52.Qe2 Qe7 53.Qg4 Qc5 54.Qe2 Qe7 55.Rf3 Qg5+ 56.Rg3 Qc1 57.Qf3 Qd2+ 58.Kh3 Qh6+
59.Kg2 Qd2+ 60.Kh1 Rf6 61.Rh3 Qe1+

[Event "9th EUROPEAN  INDIVIDUAL  WOME"]
[Site "Plovdiv, Bulgaria"]
[Date "2008.04.23"]
[Round "3"]
[Board "1"]
[White "Coimbra, Margarida"]
[Black "Ivkina, Olga"]
[Result "0-1"]
[WhiteElo "2120"]
[BlackElo "2278"]
[PlyCount "80"]
[EventDate "2008.04.21"]
[EventRounds "11"]
[EventCountry "BUL"]

1.e4 e6 2.d4 d5 3.Nd2 Nf6 4.e5 Nfd7 5.Bd3 c5 6.c3 Nc6 7.Ngf3 g6 8.O-O Bg7 9.Re1
O-O 10.Nf1 cxd4 11.cxd4 Qb6 12.Bc2 f6 13.exf6 Nxf6 14.Ba4 Ne4 15.Bxc6 bxc6
16.Ng3 Nxf2 17.Kxf2 {Diagram #} Bxd4+ 18.Be3 Qxb2+ 19.Kg1 Qxa1 20.Qxd4 Qxd4
21.Bxd4 Bd7 22.Ne5 Be8 23.Ne2 Rb8 24.g3 Rb5 25.Rc1 Rb4 26.Nxc6 Bxc6 27.Rxc6 e5
28.Bxa7 Rb2 29.Nc1 d4 30.Nd3 Rxa2 31.Rc7 Ra8 32.Bb6 Rd2 33.Nc1 Ra1 34.Rc8+ Kf7
35.Rc7+ Ke6 36.Rc6+ Kd5 37.Rc5+ Ke4 38.Bc7 Kf3 39.h4 e4 40.Bf4 e3

[Event "9th EUROPEAN  INDIVIDUAL  WOME"]
[Site "Plovdiv, Bulgaria"]
[Date "2008.04.23"]
[Round "3"]
[Board "1"]
[White "Velcheva, Maria"]
[Black "De Rosa, Maria"]
[Result "1-0"]
[WhiteElo "2262"]
[BlackElo "2094"]
[PlyCount "57"]
[EventDate "2008.04.21"]
[EventRounds "11"]
[EventCountry "BUL"]

1.e4 c5 2.Nf3 d6 3.d4 cxd4 4.Nxd4 Nf6 5.Nc3 a6 6.Be3 e6 7.Be2 Qc7 8.a4 Nc6 9.f4
Be7 10.O-O O-O 11.Kh1 Re8 12.Bd3 Rb8 13.Qf3 Nxd4 14.Bxd4 Qc6 15.Qg3 b5 16.axb5
axb5 17.e5 dxe5 18.fxe5 Nd7 19.Ne4 g6 20.Qf4 Rf8 21.Qh6 Bb7 22.Rf3 Rfc8 23.Raf1
Bf8 24.Qh3 Bg7 25.Rxf7 Rf8 26.Ng5 h6 27.Rxg7+ Kxg7 28.Nxe6+ Kh7 29.Bxg6+

[Event "9th EUROPEAN  INDIVIDUAL  WOME"]
[Site "Plovdiv, Bulgaria"]
[Date "2008.04.23"]
[Round "3"]
[Board "1"]
[White "Makropoulou, Marina"]
[Black "Ikonomopoulou, Maria"]
[Result "1-0"]
[WhiteElo "2254"]
[BlackElo "2050"]
[PlyCount "91"]
[EventDate "2008.04.21"]
[EventRounds "11"]
[EventCountry "BUL"]

1.e4 e5 2.Nf3 Nc6 3.Bb5 a6 4.Ba4 Nf6 5.O-O Nxe4 6.Re1 Nc5 7.Bxc6 dxc6 8.Nxe5 Be7
9.d4 Ne6 10.c3 O-O 11.a4 f6 12.Nf3 Rf7 13.Na3 Nf8 14.Nc2 Be6 15.Ne3 Qd7 16.Qc2
Ng6 17.b3 f5 18.Nc4 Bf6 19.Bg5 h6 20.Bxf6 gxf6 21.Ncd2 Rg7 22.c4 Kh7 23.Kf1 Rag8
24.Rad1 Kh8 25.d5 cxd5 26.Nd4 Re7 27.N2f3 c6 28.Nxe6 Rxe6 29.Rxe6 Qxe6 30.cxd5
cxd5 31.Qd2 f4 32.Qxd5 Qe7 33.Qd7 Re8 34.Qxe7 Rxe7 35.Rd6 Rf7 36.Nd4 Ne5 37.f3
Kh7 38.Ne6 Ng6 39.a5 Re7 40.b4 Kg8 41.Rb6 Ne5 42.Nxf4 Kf7 43.Nd5 Nc4 44.Rxf6+
Kg7 45.Rf4 Nb2 46.Nxe7

[Event "9th EUROPEAN  INDIVIDUAL  WOME"]
[Site "Plovdiv, Bulgaria"]
[Date "2008.04.23"]
[Round "3"]
[Board "1"]
[White "Popova, Natalija"]
[Black "Bakalarz, Grazyna"]
[Result "1-0"]
[WhiteElo "2239"]
[BlackElo "2006"]
[PlyCount "75"]
[EventDate "2008.04.21"]
[EventRounds "11"]
[EventCountry "BUL"]

1.e4 g6 2.d4 Bg7 3.Nc3 d6 4.g3 Nf6 5.Bg2 O-O 6.Nge2 c6 7.O-O e5 8.h3 Na6 9.Be3
Be6 10.g4 h5 11.g5 Nh7 12.Qd2 Qe7 13.Rae1 Nc7 14.f4 exf4 15.Bxf4 Qd7 16.Kh2 d5
17.Bg3 Rad8 18.e5 b6 19.Nd1 Bf5 20.Ng1 c5 21.c3 cxd4 22.cxd4 a5 23.Nf3 Be4
24.Nc3 Bf5 25.Nh4 Be6 26.Ne2 Na6 27.Nf4 Nb4 28.Nxe6 Qxe6 29.Rf6 {Diagram #} Bxf6
30.gxf6 g5 31.Rf1 Rc8 32.Nf5 Rc2 33.Qd1 Kh8 34.a3 Rxg2+ 35.Kxg2 h4 36.axb4 hxg3
37.Qh5 g4 38.hxg4

[Event "9th EUROPEAN  INDIVIDUAL  WOME"]
[Site "Plovdiv, Bulgaria"]
[Date "2008.04.23"]
[Round "3"]
[Board "1"]
[White "Seps, Monika"]
[Black "Vladimirova, Maria"]
[Result "1-0"]
[WhiteElo "2237"]
[BlackElo "1976"]
[PlyCount "77"]
[EventDate "2008.04.21"]
[EventRounds "11"]
[EventCountry "BUL"]

1.e4 c6 2.d4 d5 3.Nc3 dxe4 4.Nxe4 Bf5 5.Ng3 Bg6 6.Nf3 Nd7 7.h4 h6 8.h5 Bh7 9.Bd3
Bxd3 10.Qxd3 Qc7 11.Bd2 Ngf6 12.O-O-O O-O-O 13.Qe2 e6 14.Ne5 Nb6 15.Ba5 c5
16.Rh4 Kb8 17.Rd3 Bd6 18.dxc5 Bxe5 19.cxb6 Bf4+ 20.Rxf4 Qxf4+ 21.Bd2 Qa4 22.Qe5+
Ka8 23.Ra3 Nd7 24.Qc7 Qxa3 25.bxa3 Nxb6 26.Qxf7 Rhf8 27.Qe7 Nd5 28.Qh4 Rc8
29.Qd4 Rc7 30.Ne4 Rfc8 31.Qd3 a6 32.g3 Rd7 33.Qb3 Rdc7 34.Bb4 Rd7 35.Nc5 Rf7
36.Nxe6 Rxf2 37.Qxd5 Rfxc2+ 38.Kd1 Rc1+ 39.Ke2

[Event "9th EUROPEAN  INDIVIDUAL  WOME"]
[Site "Plovdiv, Bulgaria"]
[Date "2008.04.23"]
[Round "3"]
[Board "1"]
[White "Nikolaidou, Eleni"]
[Black "Gromova, Iulia"]
[Result "1-0"]
[WhiteElo "1817"]
[BlackElo "2232"]
[PlyCount "121"]
[EventDate "2008.04.21"]
[EventRounds "11"]
[EventCountry "BUL"]

1.e4 c6 2.c4 d5 3.exd5 cxd5 4.cxd5 Nf6 5.Bb5+ Nbd7 6.Nc3 a6 7.Bxd7+ Bxd7 8.Nf3
Bg4 9.Qb3 Bxf3 10.gxf3 Qd7 11.d4 Rd8 12.Be3 g6 13.Ne4 Qxd5 14.Nxf6+ exf6 15.Qxd5
Rxd5 16.Rc1 Kd7 17.Ke2 Bd6 18.Kd3 Rf5 19.Ke2 Ra5 20.a3 Rb5 21.b4 a5 22.Rb1 axb4
23.axb4 Rb8 24.Bd2 Re8+ 25.Be3 Ra8 26.Kd3 Rf5 27.Ra1 Rxa1 28.Rxa1 Rxf3 29.b5 Rf5
30.Kc4 Bf4 31.Ra7 Kc7 32.Ra8 Bxe3 33.fxe3 Rf3 34.Rf8 Rxe3 35.Rxf7+ Kc8 36.b6 Rh3
37.Rc7+ Kb8 38.Rf7 Kc8 39.Kd5 Rb3 40.Rxf6 Rb5+ 41.Kc4 Rh5 42.d5 Rxh2 43.Kc5 Rb2
44.Rf8+ Kd7 45.Rf7+ Kc8 46.Rc7+ Kb8 47.Rxh7 Kc8 48.Rg7 Rb1 49.Rxg6 Kd7 50.Rg7+
Kc8 51.Rg8+ Kd7 52.Rg7+ Kc8 53.Rc7+ Kb8 54.d6 Rc1+ 55.Kd5 Rd1+ 56.Ke6 Rb1 57.Ke7
Rxb6 58.Rc8+ Kxc8 59.d7+ Kb8 60.d8=Q+ Ka7 61.Qd4

[Event "9th EUROPEAN  INDIVIDUAL  WOME"]
[Site "Plovdiv, Bulgaria"]
[Date "2008.04.24"]
[Round "4"]
[Board "1"]
[White "Peptan, Corina Isabela"]
[Black "Cmilyte, Viktorija"]
[Result "1/2-1/2"]
[WhiteElo "2415"]
[BlackElo "2466"]
[PlyCount "99"]
[EventDate "2008.04.21"]
[EventRounds "11"]
[EventCountry "BUL"]

1.e4 c5 2.Nf3 Nc6 3.Bb5 e6 4.Bxc6 bxc6 5.O-O Ne7 6.b3 f6 7.Ba3 Ng6 8.d4 cxd4
9.Bxf8 Kxf8 10.Nxd4 Qc7 11.c4 Kf7 12.Nc3 Rd8 13.Rc1 d6 14.Qd2 e5 15.Nde2 Be6
16.Rfd1 Rd7 17.Qe3 Rad8 18.Rd2 Kg8 19.Rcd1 Qb7 20.h3 Ne7 21.Na4 Qc7 22.f4 Bf7
23.Nac3 d5 24.exd5 cxd5 25.fxe5 fxe5 26.cxd5 Nxd5 27.Nxd5 Rxd5 28.Rxd5 Rxd5
29.Rxd5 Bxd5 30.Nc3 Ba8 31.Qd2 Qb6+ 32.Kh2 h6 33.Nd1 Qd4 34.Qe2 Bd5 35.Ne3 Be6
36.Nf1 Qf4+ 37.Kg1 Kh7 38.Nd2 Qd4+ 39.Kh2 Bd5 40.Nf1 a5 41.Qe3 g5 42.Qe2 Qe4
43.Qxe4+ Bxe4 44.Nd2 Bd5 45.Kg3 Kg7 46.Kf2 h5 47.Nf1 Kf6 48.Ne3 Be6 49.Kf3 Bd7
50.Ke4

[Event "9th EUROPEAN  INDIVIDUAL  WOME"]
[Site "Plovdiv, Bulgaria"]
[Date "2008.04.24"]
[Round "4"]
[Board "1"]
[White "Kovalevskaya, Ekaterina"]
[Black "Vasilevich, Tatjana"]
[Result "1-0"]
[WhiteElo "2421"]
[BlackElo "2360"]
[PlyCount "77"]
[EventDate "2008.04.21"]
[EventRounds "11"]
[EventCountry "BUL"]

1.c4 c5 2.Nf3 Nc6 3.Nc3 e5 4.g3 g6 5.Bg2 Bg7 6.O-O d6 7.Ne1 Nge7 8.d3 O-O 9.Nc2
Rb8 10.Rb1 a6 11.b4 b6 12.a3 Be6 13.Ne3 cxb4 14.axb4 b5 15.cxb5 axb5 16.Ned5 Qd7
17.Bg5 f6 18.Be3 Nf5 19.Bb6 Rfc8 20.Ba5 Qf7 21.Qd2 Bh6 22.Qb2 Nxa5 23.bxa5 b4
24.Nxb4 Nd4 25.Kh1 d5 26.Ncxd5 Rc5 27.Qa1 Rxd5 28.Nxd5 Rxb1 29.Rxb1 Bxd5 30.Bxd5
Qxd5+ 31.e4 Qd8 32.a6 Nc6 33.Qa2+ Kh8 34.a7 Qa8 35.Rb7 Bf8 36.Qf7 Be7 37.Rxe7
Nxe7 38.Qxe7 Kg8 39.Qc7

[Event "9th EUROPEAN  INDIVIDUAL  WOME"]
[Site "Plovdiv, Bulgaria"]
[Date "2008.04.24"]
[Round "4"]
[Board "1"]
[White "Lahno, Kateryna"]
[Black "Nemcova, Katerina"]
[Result "1-0"]
[WhiteElo "2479"]
[BlackElo "2344"]
[PlyCount "65"]
[EventDate "2008.04.21"]
[EventRounds "11"]
[EventCountry "BUL"]

1.e4 e5 2.Nf3 Nc6 3.Bb5 f5 4.Nc3 fxe4 5.Nxe4 Nf6 6.Qe2 d5 7.Nxf6+ gxf6 8.d4 Bg7
9.dxe5 O-O 10.Bxc6 bxc6 11.e6 Re8 12.O-O c5 13.Bf4 Rb8 14.b3 Rb6 15.Qd2 Bf8
16.Rad1 Bxe6 17.Rfe1 c6 18.Bh6 Bd6 19.c4 Bf7 20.Nh4 Rxe1+ 21.Rxe1 Qd7 22.Qc3 Qd8
23.Qf3 Kh8 24.Qg4 Bf8 25.Bxf8 Qxf8 26.Qf4 Bg8 27.Re8 Qf7 28.Qd6 Rb7 29.Nf5 Qg6
30.Qe6 Rf7 31.Rxg8+ Qxg8 32.Nh6 Qg6 33.Qc8+

[Event "9th EUROPEAN  INDIVIDUAL  WOME"]
[Site "Plovdiv, Bulgaria"]
[Date "2008.04.24"]
[Round "4"]
[Board "1"]
[White "Moser, Eva"]
[Black "Muzychuk, Anna"]
[Result "0-1"]
[WhiteElo "2395"]
[BlackElo "2486"]
[PlyCount "44"]
[EventDate "2008.04.21"]
[EventRounds "11"]
[EventCountry "BUL"]

1.e4 c5 2.d3 Nc6 3.g3 Nf6 4.Bg2 d5 5.exd5 Nxd5 6.Nc3 Nxc3 7.bxc3 e6 8.Ne2 Be7
9.O-O O-O 10.Nf4 Qc7 11.Qh5 b6 12.Be4 g6 13.Qh6 Bf6 14.Nh5 Bh8 15.g4 f5 16.gxf5
Rxf5 17.Bxf5 exf5 18.Nf4 Bb7 19.Qh3 Bxc3 20.Nd5 Nd4 21.Qg2 Ne2+ 22.Kh1 Qf7